LIBRARY & INFORMATION CENTRE, KCAET, TAVANUR

ONLINE PUBLIC ACCESS CATALOGUE (OPAC)

Handbook of Mathematics Formulae (Record no. 14365)

MARC details
000 -LEADER
fixed length control field 00291nam a22001217a 4500
020 ## - INTERNATIONAL STANDARD BOOK NUMBER
ISBN 978817233869
082 ## - DEWEY DECIMAL CLASSIFICATION NUMBER
Classification number 519
Item number ROS/HA
100 ## - MAIN ENTRY--AUTHOR NAME
Personal name Roselin Antony
245 ## - TITLE STATEMENT
Title Handbook of Mathematics Formulae
260 ## - PUBLICATION, DISTRIBUTION, ETC. (IMPRINT)
Place of publication New Delhi
Name of publisher Scientific Publishers
Year of publication 2014
300 ## - PHYSICAL DESCRIPTION
Number of Pages 303
942 ## - ADDED ENTRY ELEMENTS (KOHA)
Koha item type Books
Holdings
Withdrawn status Lost status Damaged status Collection code Home library Current library Shelving location Date acquired Source of acquisition Cost, normal purchase price Full call number Accession Number Koha item type
        KAUAET KAUAET General Stacks 24/06/2016 Ganesh Book Centre Trivandrum 1650.00 519 ROS/HA 24588 Books
free website counter